[Event "IV Open A"]
[Site "Bergamo ITA"]
[Date "2005.07.29"]
[Round "2"]
[White "Valsecchi, Alessio"]
[Black "Pirola, Andrea"]
[Result "0-1"]
[WhiteElo "1945"]
[BlackElo "2094"]
[PlyCount "96"]
[EventDate "2005.07.29"]

1. e4 c5 2. Nf3 d6 3. d4 cxd4 4. Nxd4 Nf6 5. Nc3 g6 6. f4 Nc6 7. Be3 Bg7 8. Be2
Bd7 9. O-O O-O 10. Kh1 Qc8 11. Nb3 Bg4 12. Nd5 Bxe2 13. Qxe2 e6 14. Nxf6+ Bxf6
15. c3 Ne7 16. e5 dxe5 17. fxe5 Bg7 18. Bc5 Re8 19. Bd4 Nf5 20. Nc5 Qc6 21. Qf3
Qxf3 22. Rxf3 b6 23. Ne4 Rad8 24. Raf1 Rf8 25. Rf4 Bh6 26. Nf6+ Kg7 27. Re4 Bg5
28. Ng4 Rd5 29. Nf2 Rfd8 30. Rd1 Be3 31. Bxe3 Rxd1+ 32. Nxd1 Rxd1+ 33. Bg1 Rd2
34. Ra4 Rxb2 35. Rxa7 Nh4 36. a4 Nxg2 37. Rb7 Ra2 38. c4 Ne1 39. Rxb6 Rxa4 40.
c5 Rc4 41. Rd6 Nf3 42. c6 Rc1 43. Kg2 Nxg1 44. Rd2 g5 45. c7 Kg6 46. Rf2 Rxc7
47. Kxg1 Rc1+ 48. Kg2 Re1 0-1

[Event "IV Open A"]
[Site "Bergamo ITA"]
[Date "2005.07.29"]
[Round "2"]
[White "Xia, Jie"]
[Black "Ranola, Yves"]
[Result "0-1"]
[WhiteElo "2121"]
[BlackElo "2466"]
[PlyCount "80"]
[EventDate "2005.07.29"]

1. e4 c5 2. Nf3 Nc6 3. Bb5 Nf6 4. Nc3 Qc7 5. d3 Nd4 6. Bc4 e6 7. h3 a6 8. a4 b6
9. Nxd4 cxd4 10. Ne2 Nxe4 11. O-O Nf6 12. Nxd4 Bb7 13. Qe2 Bc5 14. Be3 O-O 15.
c3 Rfe8 16. Nc2 Qc6 17. Ne1 e5 18. b4 Bxe3 19. fxe3 b5 20. Bb3 Qxc3 21. Qa2 d5
22. e4 bxa4 23. Qxa4 dxe4 24. Qa2 Re7 25. dxe4 Qe3+ 26. Kh2 Qxe4 27. Qd2 Rd7
28. Qg5 Qxb4 29. Rb1 Qe7 30. Nc2 h6 31. Qg3 Be4 32. Rbe1 Rd3 33. Re3 Rxb3 34.
Rxb3 Bxc2 35. Rb6 Bg6 36. Qb3 e4 37. Rc1 e3 38. Rb8+ Rxb8 39. Qxb8+ Ne8 40. Re1
e2 0-1

[Event "IV Open A"]
[Site "Bergamo ITA"]
[Date "2005.07.30"]
[Round "3"]
[White "Agnelli, Francesco"]
[Black "Carbone, Lorenzo"]
[Result "1-0"]
[WhiteElo "2055"]
[BlackElo "1853"]
[PlyCount "65"]
[EventDate "2005.07.29"]

1. e4 c5 2. Nf3 d6 3. d4 cxd4 4. Nxd4 Nf6 5. Nc3 a6 6. Be3 e6 7. f3 Qc7 8. Qd2
Be7 9. O-O-O Bd7 10. g4 h6 11. Kb1 Nc6 12. h4 Ne5 13. Qf2 b5 14. Bd3 Nc4 15.
Bc1 b4 16. Nce2 Ne5 17. g5 Ng8 18. Rhg1 Nxd3 19. cxd3 Rc8 20. Be3 Qa5 21. Nb3
Qb5 22. Ned4 Qa4 23. Rc1 Rxc1+ 24. Rxc1 hxg5 25. hxg5 Bd8 26. f4 Ne7 27. e5
dxe5 28. fxe5 Nd5 29. Rf1 Rf8 30. g6 f5 31. Nc5 Qa5 32. Ndxe6 Nxe3 33. Nxg7+
1-0

[Event "IV Open A"]
[Site "Bergamo ITA"]
[Date "2005.07.30"]
[Round "3"]
[White "Andreoli, Renato"]
[Black "Regorda, Massimiliano"]
[Result "1-0"]
[WhiteElo "2154"]
[BlackElo "1802"]
[PlyCount "73"]
[EventDate "2005.07.29"]

1. Nf3 d5 2. g3 Nf6 3. Bg2 e6 4. O-O c5 5. d4 Be7 6. c4 O-O 7. dxc5 Bxc5 8. a3
dxc4 9. Qc2 Qc7 10. Bf4 Bd6 11. Bxd6 Qxd6 12. Qxc4 Bd7 13. Nc3 Bc6 14. Rfd1 Qe7
15. Ne5 Bxg2 16. Kxg2 Nbd7 17. Qc7 Qc5 18. Qxc5 Nxc5 19. b4 Na6 20. Nb5 b6 21.
Rac1 Nd5 22. e4 Ndxb4 23. axb4 Nxb4 24. Rb1 a5 25. Nd7 Rfd8 26. Nxb6 Rab8 27.
Rxd8+ Rxd8 28. Nc4 Rb8 29. Nd4 Nc6 30. Rxb8+ Nxb8 31. Nxa5 Nd7 32. Nc4 e5 33.
Nf5 f6 34. f4 g6 35. Nh6+ Kg7 36. fxe5 Nc5 37. Ng4 1-0

[Event "IV Open A"]
[Site "Bergamo ITA"]
[Date "2005.07.30"]
[Round "3"]
[White "Borboni, Paolo"]
[Black "Virzi, Ettore"]
[Result "0-1"]
[WhiteElo "1879"]
[BlackElo "2008"]
[PlyCount "30"]
[EventDate "2005.07.29"]

1. d4 d5 2. Nf3 c6 3. e3 Bf5 4. c3 Nf6 5. Bd3 e6 6. Qc2 Bxd3 7. Qxd3 Nbd7 8.
Nbd2 Bd6 9. O-O O-O 10. Re1 Qc7 11. e4 e5 12. dxe5 Nxe5 13. Nxe5 Bxe5 14. Nf3
dxe4 15. Qe3 exf3 0-1

[Event "IV Open A"]
[Site "Bergamo ITA"]
[Date "2005.07.30"]
[Round "3"]
[White "Canova, Luca"]
[Black "Bettini, Massimo"]
[Result "1-0"]
[WhiteElo "2093"]
[BlackElo "1911"]
[PlyCount "49"]
[EventDate "2005.07.29"]

1. e4 e5 2. Nf3 Nc6 3. Bb5 f5 4. Bxc6 dxc6 5. Qe2 Qe7 6. d3 Nf6 7. Nc3 fxe4 8.
Nxe4 Bg4 9. Bd2 O-O-O 10. O-O-O Qe6 11. Kb1 Bd6 12. Neg5 Qd5 13. c4 Qg8 14. h3
Bh5 15. g4 Bg6 16. Nh4 Qe8 17. f3 h6 18. Ne4 Bxe4 19. dxe4 Nd7 20. Nf5 Qf7 21.
Be3 Rhe8 22. Rxd6 g6 23. Nxh6 Qg7 24. Rd2 Rh8 25. g5 1-0

[Event "IV Open A"]
[Site "Bergamo ITA"]
[Date "2005.07.30"]
[Round "3"]
[White "Dervishi, Erald"]
[Black "Martinez, Rolly"]
[Result "1-0"]
[WhiteElo "2482"]
[BlackElo "2421"]
[PlyCount "91"]
[EventDate "2005.07.29"]

1. e4 c5 2. Nf3 Nc6 3. d4 cxd4 4. Nxd4 Nf6 5. Nc3 d6 6. Bc4 Qb6 7. Nxc6 bxc6 8.
O-O e6 9. b3 Be7 10. Bd3 O-O 11. Qe2 e5 12. Na4 Qc7 13. c4 Be6 14. Bb2 Nd7 15.
Rac1 a5 16. c5 Nxc5 17. Nxc5 dxc5 18. Bc4 Bxc4 19. Rxc4 Rfd8 20. Ra4 f6 21. Bc3
Qb6 22. Rc1 Qb5 23. Kf1 Rd3 24. Rxa5 Rxa5 25. Bxa5 Rd4 26. Qxb5 cxb5 27. f3 c4
28. bxc4 bxc4 29. Bc3 Rd7 30. a4 Kf7 31. a5 Ke8 32. Be1 Rc7 33. Bf2 Rc6 34. Ke2
Kd7 35. Ra1 Kc8 36. a6 Kb8 37. Rb1+ Ka8 38. Rb6 Rxb6 39. Bxb6 Bb4 40. Kd1 Kb8
41. Kc2 Ka8 42. g4 Kb8 43. h4 h6 44. h5 Ka8 45. Be3 Ba5 46. Bc5 1-0

[Event "IV Open A"]
[Site "Bergamo ITA"]
[Date "2005.07.30"]
[Round "3"]
[White "Drezzadore, Dario"]
[Black "Pace, Pietro Dario"]
[Result "0-1"]
[WhiteElo "2019"]
[BlackElo "2198"]
[PlyCount "38"]
[EventDate "2005.07.29"]

1. e4 c5 2. d4 cxd4 3. c3 Nf6 4. e5 Nd5 5. cxd4 Nc6 6. Nc3 Nxc3 7. bxc3 d6 8.
f4 g6 9. d5 Nb8 10. Bb5+ Bd7 11. Bxd7+ Nxd7 12. e6 fxe6 13. dxe6 Nc5 14. f5 Bg7
15. fxg6 Qa5 16. Ne2 Bxc3+ 17. Nxc3 Qxc3+ 18. Bd2 Qe5+ 19. Qe2 Qxa1+ 0-1

[Event "IV Open A"]
[Site "Bergamo ITA"]
[Date "2005.07.30"]
[Round "3"]
[White "Ivanov, Jordan"]
[Black "Cedriano, Filippo"]
[Result "1-0"]
[WhiteElo "2347"]
[BlackElo "2005"]
[PlyCount "69"]
[EventDate "2005.07.29"]

1. d4 Nf6 2. c4 e6 3. Nc3 d5 4. cxd5 exd5 5. Bg5 Be7 6. e3 c6 7. Bd3 Nbd7 8.
Nf3 O-O 9. Qc2 h6 10. Bh4 Re8 11. O-O Ne4 12. Bxe7 Qxe7 13. a3 Nxc3 14. bxc3 c5
15. c4 cxd4 16. exd4 Nf6 17. Rfe1 Qd8 18. cxd5 Nxd5 19. Qb3 Nb6 20. d5 Bd7 21.
Re4 Rxe4 22. Bxe4 Qf6 23. Rc1 Qf4 24. Qe3 Qxe3 25. fxe3 Re8 26. Nd2 f5 27. Bf3
Rxe3 28. Nc4 Nxc4 29. Rxc4 g5 30. Rc7 g4 31. Kf2 Rxa3 32. Be2 Be8 33. Rxb7 Ra4
34. Rb8 Kf7 35. Rxe8 1-0

[Event "IV Open A"]
[Site "Bergamo ITA"]
[Date "2005.07.30"]
[Round "3"]
[White "Jurkovic, Ante"]
[Black "Locatelli, Andrea"]
[Result "1-0"]
[WhiteElo "2333"]
[BlackElo "2139"]
[PlyCount "70"]
[EventDate "2005.07.29"]

1. e4 c5 2. Nf3 d6 3. d4 cxd4 4. Nxd4 Nf6 5. Nc3 a6 6. Be3 e5 7. Nb3 Be6 8. f3
b5 9. Qd2 Nbd7 10. O-O-O Rc8 11. g4 Nb6 12. Bxb6 Qxb6 13. Kb1 b4 14. Ne2 a5 15.
Ng3 g6 16. h4 h5 17. g5 Nd7 18. Bh3 Bxh3 19. Rxh3 a4 20. Nc1 Be7 21. Nf1 Qb5
22. Ne3 Nb6 23. Qe2 Qc6 24. Nd3 Qb5 25. Nc1 Rc5 26. Qxb5+ Rxb5 27. Ne2 Kd7 28.
c4 Rc5 29. b3 axb3 30. axb3 Ra8 31. Nc1 Rca5 32. Nc2 Rb8 33. Nd3 Kc7 34. Kb2
Kc8 35. Rhh1 f6 1-0

[Event "IV Open A"]
[Site "Bergamo ITA"]
[Date "2005.07.30"]
[Round "3"]
[White "Kovacevic, Blazimir"]
[Black "Brancaleoni, Maurizio"]
[Result "1-0"]
[WhiteElo "2495"]
[BlackElo "2314"]
[PlyCount "67"]
[EventDate "2005.07.29"]

1. b3 e5 2. Bb2 Nc6 3. e3 Nf6 4. Nf3 e4 5. Nd4 Nxd4 6. Bxd4 d5 7. c4 dxc4 8.
Bxc4 Be7 9. Nc3 O-O 10. Qc2 Re8 11. Nxe4 Nxe4 12. Qxe4 Bb4 13. Qf3 Be6 14. Bxe6
fxe6 15. O-O e5 16. Bc3 e4 17. Qg4 Bxc3 18. dxc3 Qf6 19. Rad1 Qxc3 20. Rd7 Qe5
21. Rfd1 Re7 22. Rxe7 Qxe7 23. Qd7 Re8 24. Qd5+ Kf8 25. Qxb7 Rd8 26. Rd5 Rd6
27. h3 Rxd5 28. Qxd5 c5 29. a4 g6 30. a5 Qc7 31. a6 Qa5 32. Qa8+ Kg7 33. Qxa7+
Kh6 34. Qb8 1-0

[Event "IV Open A"]
[Site "Bergamo ITA"]
[Date "2005.07.30"]
[Round "3"]
[White "Mosconi, Ariel Oscar"]
[Black "Ranfagni, Stefano"]
[Result "1-0"]
[WhiteElo "2102"]
[BlackElo "1934"]
[PlyCount "49"]
[EventDate "2005.07.29"]

1. e4 e6 2. d3 c5 3. Nf3 d5 4. Nbd2 Nc6 5. g3 Nf6 6. Bg2 Be7 7. O-O d4 8. Nc4
b5 9. Nce5 Nxe5 10. Nxe5 Bb7 11. f4 Nd7 12. Qg4 Bf6 13. Nxd7 Qxd7 14. e5 h5 15.
Qe2 Be7 16. f5 O-O-O 17. fxe6 fxe6 18. Rf7 g6 19. Bg5 Rde8 20. Raf1 Rhf8 21. h4
Kb8 22. Be4 Bxe4 23. Qxe4 Rg8 24. Rh7 Kc7 25. Rff7 1-0

[Event "IV Open A"]
[Site "Bergamo ITA"]
[Date "2005.07.30"]
[Round "3"]
[White "Piantoni, Roberto"]
[Black "Vitale, Giacomo"]
[Result "1/2-1/2"]
[WhiteElo "2186"]
[BlackElo "1891"]
[PlyCount "36"]
[EventDate "2005.07.29"]

1. b3 b6 2. Bb2 Bb7 3. e3 e6 4. f4 Nf6 5. Nf3 g6 6. Be2 Bg7 7. O-O d6 8. d3
Nbd7 9. Nbd2 Qe7 10. Qe1 O-O 11. c4 Ng4 12. Bxg7 Kxg7 13. Bd1 f5 14. h3 Ngf6
15. Bc2 e5 16. d4 exf4 17. exf4 Rae8 18. Qxe7+ Rxe7 1/2-1/2

[Event "IV Open A"]
[Site "Bergamo ITA"]
[Date "2005.07.30"]
[Round "3"]
[White "Pirola, Andrea"]
[Black "Gromovs, Sergejs"]
[Result "1/2-1/2"]
[WhiteElo "2094"]
[BlackElo "2375"]
[PlyCount "120"]
[EventDate "2005.07.29"]

1. e4 c5 2. d4 cxd4 3. c3 d3 4. Bxd3 Nc6 5. Be3 Nf6 6. Nd2 d5 7. f3 e5 8. Ne2
Be7 9. O-O O-O 10. exd5 Nxd5 11. Bf2 g6 12. Bc4 Be6 13. b4 a6 14. a4 Rc8 15.
Bb3 f5 16. Qb1 Qe8 17. Qa2 Qf7 18. Rfd1 Rfd8 19. Nf1 Bg5 20. Be3 Bxe3+ 21. Nxe3
Nce7 22. Rd2 Nf4 23. Bxe6 Qxe6 24. Qxe6+ Nxe6 25. Rad1 Kf7 26. Kf2 Rxd2 27.
Rxd2 Rd8 28. Ke1 b5 29. a5 h5 30. Rxd8 Nxd8 31. Nc1 f4 32. Nd1 Nd5 33. Nd3 Nc6
34. Kd2 Kf6 35. Nc5 Nc7 36. Nf2 Kf5 37. Nfe4 g5 38. Nd6+ Kf6 39. Kd3 Ne7 40. c4
bxc4+ 41. Kxc4 Nc6 42. Nde4+ Kf5 43. Nd6+ Kf6 44. Ndb7 Ke7 45. Ne4 g4 46. Kc5
Nd4 47. fxg4 hxg4 48. Kb6 Nd5+ 49. Kxa6 Nxb4+ 50. Kb6 f3 51. gxf3 gxf3 52. Kc5
Nd3+ 53. Kd5 f2 54. Nxf2 Nxf2 55. Kxe5 Nc6+ 56. Kf4 Nd3+ 57. Kf5 Ndb4 58. h4
Kf7 59. h5 Kg7 60. Kg5 Nxa5 1/2-1/2

[Event "IV Open A"]
[Site "Bergamo ITA"]
[Date "2005.07.30"]
[Round "3"]
[White "Rezzuti, Vincenzo"]
[Black "Giannetta, Paolo"]
[Result "1-0"]
[WhiteElo "1907"]
[BlackElo "2067"]
[PlyCount "91"]
[EventDate "2005.07.29"]

1. e4 d5 2. exd5 Qxd5 3. Nc3 Qa5 4. d4 c6 5. Bc4 Nf6 6. Nf3 Bf5 7. O-O e6 8.
Bd2 Qb6 9. Bb3 Bd6 10. Re1 O-O 11. h3 h6 12. Be3 Qc7 13. Qd2 Nbd7 14. Qe2 Nd5
15. Nxd5 exd5 16. Rac1 b5 17. c3 Nf6 18. Bc2 Bxc2 19. Qxc2 Ne4 20. b3 Rfe8 21.
c4 Bb4 22. Red1 Ba3 23. Rb1 Qa5 24. Bd2 Nxd2 25. Rxd2 Re6 26. cxd5 cxd5 27. Ne5
f6 28. Nd3 Bb4 29. Re2 Re4 30. Rxe4 dxe4 31. Nxb4 Qxb4 32. Qxe4 Rd8 33. Qe6+
Kf8 34. d5 Rd6 35. Qc8+ Kf7 36. Rc1 Rxd5 37. Qb7+ Ke6 38. Qxg7 Rg5 39. Qxa7 Qe4
40. Qb6+ Kf7 41. Qc7+ Kg6 42. Qc2 Rxg2+ 43. Kf1 Qxc2 44. Rxc2 Rg5 45. Rc3 Kh5
46. b4 1-0

[Event "IV Open A"]
[Site "Bergamo ITA"]
[Date "2005.07.30"]
[Round "3"]
[White "Rostolis, Riccardo"]
[Black "Romano, Zeno"]
[Result "1-0"]
[WhiteElo "1966"]
[BlackElo "1860"]
[PlyCount "53"]
[EventDate "2005.07.29"]

1. e4 e5 2. Nf3 Nc6 3. d4 exd4 4. Bc4 Bb4+ 5. c3 dxc3 6. bxc3 Ba5 7. O-O d6 8.
Qb3 Qe7 9. Re1 Bb6 10. e5 Nxe5 11. Nxe5 dxe5 12. Ba3 c5 13. Bb5+ Kf8 14. Qd5
Be6 15. Qxe5 Rd8 16. Qf4 Qd6 17. Qg5 f6 18. Qe3 Kf7 19. Nd2 Rc8 20. Ne4 Qe7 21.
Qf3 f5 22. Qf4 Bc7 23. Qf3 b6 24. Qh5+ g6 25. Ng5+ Kf6 26. Qh4 Bxh2+ 27. Kh1
1-0

[Event "IV Open A"]
[Site "Bergamo ITA"]
[Date "2005.07.30"]
[Round "3"]
[White "Sala, Giovanni"]
[Black "Cottarelli, Franco"]
[Result "1-0"]
[WhiteElo "1832"]
[BlackElo "2000"]
[PlyCount "59"]
[EventDate "2005.07.29"]

1. e4 e5 2. Nf3 Nc6 3. Bc4 Bc5 4. c3 Qe7 5. d4 Bb6 6. O-O Nf6 7. d5 Nd8 8. Bg5
d6 9. a4 c6 10. a5 Bc7 11. Nbd2 Bg4 12. a6 b5 13. Bd3 Rb8 14. b4 cxd5 15. exd5
O-O 16. Qe2 Bd7 17. Ne4 Kh8 18. h3 Rg8 19. Nh2 Bb6 20. Qf3 Nxe4 21. Bxe7 Nd2
22. Qh5 e4 23. Bc2 f5 24. Rfd1 e3 25. Rxd2 exd2 26. Bg5 Be8 27. Qe2 Nf7 28.
Bxd2 Ne5 29. Nf3 Bh5 30. Nxe5 1-0

[Event "IV Open A"]
[Site "Bergamo ITA"]
[Date "2005.07.30"]
[Round "3"]
[White "Vezzosi, Paolo"]
[Black "Gosio, Denis"]
[Result "1-0"]
[WhiteElo "2380"]
[BlackElo "2152"]
[PlyCount "86"]
[EventDate "2005.07.29"]

1. d4 Nf6 2. Nf3 e6 3. c4 b6 4. e3 Bb7 5. Bd3 d5 6. cxd5 exd5 7. Nc3 Bd6 8. O-O
O-O 9. Ne5 Nbd7 10. f4 Ne4 11. Nxe4 dxe4 12. Bc4 Nf6 13. Qb3 Qe7 14. Bd2 c6 15.
a4 Rac8 16. Be1 Ne8 17. Bg3 Rc7 18. f5 c5 19. a5 cxd4 20. exd4 bxa5 21. Rxa5
Ba8 22. Rfa1 e3 23. Qxe3 Kh8 24. b3 f6 25. Ng4 Qd7 26. Qe6 Bxg3 27. Qxd7 Rxd7
28. Rxa7 Bc7 29. Rxa8 Bb6 30. Re1 Rxd4 31. Nf2 Rd8 32. Rxd8 Bxd8 33. Ne4 h5 34.
Rd1 Bb6+ 35. Kf1 Nc7 36. Nd6 Ra8 37. Bf7 Ra2 38. Ne4 Nb5 39. Rc1 Ra8 40. Bxh5
Nd4 41. Bg6 Nxb3 42. Rb1 Ra1 43. Rxa1 Nxa1 1-0

[Event "IV Open A"]
[Site "Bergamo ITA"]
[Date "2005.07.30"]
[Round "4"]
[White "Borin, Fabio"]
[Black "Naumkin, Igor"]
[Result "0-1"]
[WhiteElo "2184"]
[BlackElo "2444"]
[PlyCount "54"]
[EventDate "2005.07.29"]

1. e4 e5 2. Nf3 Nc6 3. Nc3 Nf6 4. d4 exd4 5. Nxd4 Bb4 6. Nxc6 bxc6 7. Bd3 d5 8.
exd5 cxd5 9. Qe2+ Be7 10. Bg5 O-O 11. O-O-O c6 12. Rhe1 Bb4 13. Qe5 Ng4 14. Qf4
Bd6 15. Qd2 Qa5 16. Be7 Bxe7 17. Rxe7 Qb4 18. Rde1 Be6 19. Rc7 Rfb8 20. Rxe6
Qxb2+ 21. Kd1 fxe6 22. Bxh7+ Kxh7 23. Qd4 Nxf2+ 24. Ke1 Qc1+ 25. Kxf2 Rf8+ 26.
Kg3 Qg5+ 27. Kh3 Rf6 0-1

[Event "IV Open A"]
[Site "Bergamo ITA"]
[Date "2005.07.30"]
[Round "4"]
[White "Djuric, Stefan"]
[Black "Kovacevic, Blazimir"]
[Result "1-0"]
[WhiteElo "2463"]
[BlackElo "2495"]
[PlyCount "95"]
[EventDate "2005.07.29"]

1. Nf3 e6 2. d4 Nf6 3. c4 Bb4+ 4. Bd2 Bxd2+ 5. Qxd2 O-O 6. Nc3 d5 7. e3 Qe7 8.
cxd5 exd5 9. Bd3 Rd8 10. O-O Nc6 11. a3 Bg4 12. Qc2 Bxf3 13. gxf3 Rd6 14. Nb5
Rd7 15. Kh1 Nd8 16. Rg1 Ne6 17. f4 c6 18. Nc3 g6 19. b4 a6 20. Na4 Re8 21. Nc5
Nxc5 22. bxc5 Ne4 23. Rab1 Qh4 24. Rb2 Ree7 25. Qe2 Kh8 26. Qf3 f5 27. Qg2 Re6
28. Bxe4 Rxe4 29. Qg5 Qxg5 30. Rxg5 Kg7 31. Kg2 Kf6 32. h4 h6 33. Rg3 Rg7 34.
Kf3 Ree7 35. Rb1 Rg8 36. Ke2 Rgg7 37. Kd3 Rg8 38. Rgg1 Rgg7 39. Kc3 Re4 40. Rb2
Ree7 41. Kb4 g5 42. hxg5+ hxg5 43. fxg5+ Rxg5 44. Rxg5 Kxg5 45. Ka5 Kg4 46. Kb6
Kf3 47. Ka7 b5+ 48. Kb6 1-0

[Event "IV Open A"]
[Site "Bergamo ITA"]
[Date "2005.07.30"]
[Round "4"]
[White "Giannetta, Paolo"]
[Black "Borboni, Paolo"]
[Result "1-0"]
[WhiteElo "2067"]
[BlackElo "1879"]
[PlyCount "61"]
[EventDate "2005.07.29"]

1. d4 Nf6 2. c4 g6 3. Nc3 Bg7 4. e4 d6 5. f4 O-O 6. Nf3 c5 7. d5 b5 8. cxb5 a6
9. Bd2 axb5 10. Bxb5 Qb6 11. Qe2 Bg4 12. O-O Ra5 13. a4 Nh5 14. e5 Bh6 15. Qc4
Bxf3 16. Rxf3 dxe5 17. Ne4 Ra7 18. fxe5 Bxd2 19. Nxd2 Nd7 20. Re1 Qa5 21. Qc3
Qb6 22. Nc4 Qd8 23. g4 Ng7 24. Qe3 Qc7 25. Qh6 f5 26. Rh3 fxg4 27. Qxh7+ Kf7
28. e6+ Kf6 29. Qh4+ g5 30. Qh6+ Kf5 31. Qh7+ 1-0

[Event "IV Open A"]
[Site "Bergamo ITA"]
[Date "2005.07.30"]
[Round "4"]
[White "Locatelli, Andrea"]
[Black "Sala, Giovanni"]
[Result "1-0"]
[WhiteElo "2139"]
[BlackElo "1832"]
[PlyCount "67"]
[EventDate "2005.07.29"]

1. e4 c5 2. Nf3 d6 3. d4 cxd4 4. Nxd4 Nf6 5. Nc3 a6 6. Bc4 e6 7. Bb3 Nbd7 8. f4
Nc5 9. f5 Nxb3 10. axb3 e5 11. Nde2 Be7 12. Ng3 b5 13. Nxb5 Bb7 14. Nc3 Qb6 15.
Qf3 Rd8 16. Be3 Qc7 17. O-O-O h5 18. Nd5 Bxd5 19. exd5 Rc8 20. Rd2 h4 21. Ne4
Nxd5 22. Nxd6+ Bxd6 23. Qxd5 Bb4 24. Re2 O-O 25. Bg5 Rfe8 26. Qe4 Qa5 27. Kb1
Rc5 28. Rd1 Rec8 29. Be7 Rb5 30. Bxb4 Rxb4 31. Qxe5 Rb5 32. Qe4 Rb4 33. Qe5 Rc5
34. Qe8+ 1-0

[Event "IV Open A"]
[Site "Bergamo ITA"]
[Date "2005.07.30"]
[Round "4"]
[White "Marmili, Giulio"]
[Black "Piantoni, Roberto"]
[Result "1-0"]
[WhiteElo "2012"]
[BlackElo "2186"]
[PlyCount "63"]
[EventDate "2005.07.29"]

1. c4 e5 2. Nc3 d6 3. g3 f5 4. Bg2 Nf6 5. d3 Be7 6. e3 c6 7. Nge2 O-O 8. b4 Qe8
9. O-O Qh5 10. b5 c5 11. a4 a5 12. f4 Nbd7 13. Nd5 Nxd5 14. Bxd5+ Kh8 15. Bd2
Nf6 16. Bg2 Rb8 17. b6 Bd7 18. Nc3 Qe8 19. Nb5 Bc6 20. Nc7 Qd7 21. Bxa5 Bxg2
22. Kxg2 Bd8 23. Kg1 Bxc7 24. bxc7 Ra8 25. Bb6 Qc6 26. a5 Nd7 27. Rb1 exf4 28.
exf4 d5 29. Qf3 Nf6 30. cxd5 Nxd5 31. Rfc1 Nb4 32. Qxc6 1-0

[Event "IV Open A"]
[Site "Bergamo ITA"]
[Date "2005.07.30"]
[Round "4"]
[White "Pace, Pietro Dario"]
[Black "Andreoli, Renato"]
[Result "1-0"]
[WhiteElo "2198"]
[BlackElo "2154"]
[PlyCount "57"]
[EventDate "2005.07.29"]

1. e4 e5 2. Nf3 Nc6 3. Bb5 Nf6 4. d3 d6 5. c3 g6 6. O-O Bg7 7. Re1 O-O 8. h3 h6
9. Ba4 Bd7 10. Nbd2 Re8 11. Bc2 a5 12. a4 Qc8 13. Nf1 Nh5 14. N3h2 Nf4 15. Qf3
g5 16. Ng3 Ne7 17. Bxf4 exf4 18. Nh5 Ng6 19. d4 Nh4 20. Qd3 c6 21. Nf3 Bg4 22.
hxg4 Qxg4 23. Nxh4 Qxh5 24. Nf5 g4 25. Nxd6 Re6 26. Nf5 Rae8 27. e5 Rg6 28. g3
f3 29. Nh4 1-0

[Event "IV Open A"]
[Site "Bergamo ITA"]
[Date "2005.07.30"]
[Round "4"]
[White "Perissinotto, Claudio"]
[Black "Cardani, Roberto"]
[Result "0-1"]
[WhiteElo "2108"]
[BlackElo "1826"]
[PlyCount "66"]
[EventDate "2005.07.29"]

1. e4 c5 2. Nf3 d6 3. d4 cxd4 4. Qxd4 Nc6 5. Bb5 Bd7 6. Bxc6 Bxc6 7. Nc3 Nf6 8.
Bg5 e6 9. O-O-O Be7 10. Qd3 O-O 11. Nd4 d5 12. e5 Nd7 13. Bxe7 Qxe7 14. f4 a6
15. Rde1 Rfc8 16. h4 b5 17. Rh3 Nc5 18. Qf3 b4 19. Nce2 a5 20. f5 Ne4 21. Nf4
Bd7 22. Nd3 Rc4 23. Qe3 exf5 24. Rf3 Rac8 25. g3 Be6 26. Re2 a4 27. Nxf5 Bxf5
28. Rxf5 b3 29. axb3 axb3 30. c3 Nxc3 31. bxc3 Qa3+ 32. Kd1 Rxc3 33. Rff2 Qa1+
0-1

[Event "IV Open A"]
[Site "Bergamo ITA"]
[Date "2005.07.30"]
[Round "4"]
[White "Pirola, Andrea"]
[Black "Dragojlovic, Andjelko"]
[Result "0-1"]
[WhiteElo "2094"]
[BlackElo "2320"]
[PlyCount "56"]
[EventDate "2005.07.29"]

1. e4 c5 2. d4 cxd4 3. c3 g6 4. cxd4 d5 5. exd5 Nf6 6. Nc3 Nxd5 7. Bc4 Nb6 8.
Bb3 Bg7 9. Nge2 O-O 10. O-O Nc6 11. Be3 Na5 12. Bc2 Nac4 13. b3 Nxe3 14. fxe3
Bg4 15. Be4 Rc8 16. Qd3 Bxe2 17. Nxe2 Nd5 18. Bxd5 Qxd5 19. Rac1 e5 20. Rfd1
exd4 21. Rxc8 Rxc8 22. exd4 a6 23. Nf4 Qa5 24. d5 Be5 25. Qe4 Bd6 26. a4 Qb6+
27. Kh1 Qxb3 28. Rf1 Qc4 0-1

[Event "IV Open A"]
[Site "Bergamo ITA"]
[Date "2005.07.30"]
[Round "4"]
[White "Romano, Zeno"]
[Black "Ranfagni, Stefano"]
[Result "0-1"]
[WhiteElo "1860"]
[BlackElo "1934"]
[PlyCount "66"]
[EventDate "2005.07.29"]

1. e4 e6 2. d4 d5 3. e5 c5 4. c3 Nc6 5. Nf3 Bd7 6. Be2 cxd4 7. cxd4 f6 8. exf6
Nxf6 9. O-O Bd6 10. Nbd2 O-O 11. Nb3 Qe7 12. Re1 Rac8 13. Bd2 Ne4 14. Be3 Nb4
15. Bd3 Nxd3 16. Qxd3 Be8 17. Nbd2 Bg6 18. Qe2 Rc2 19. Qb5 Bb4 20. Red1 Nxd2
21. Nxd2 Rxb2 22. Rab1 Bxb1 23. Rxb1 Rxb1+ 24. Nxb1 a6 25. Qe2 Rc8 26. g3 e5
27. Qb2 e4 28. Qb3 Rc4 29. Qb2 Qc7 30. Nd2 Bxd2 31. Qxd2 Rc2 32. Qd1 Rxa2 33.
Qh5 Qf7 0-1

[Event "IV Open A"]
[Site "Bergamo ITA"]
[Date "2005.07.31"]
[Round "5"]
[White "Agnelli, Francesco"]
[Black "Valsecchi, Alessio"]
[Result "1-0"]
[WhiteElo "2055"]
[BlackElo "1945"]
[PlyCount "75"]
[EventDate "2005.07.29"]

1. e4 c5 2. Nf3 d6 3. d4 cxd4 4. Nxd4 Nf6 5. Nc3 g6 6. Be3 Nc6 7. f3 Bg7 8. Qd2
O-O 9. Bc4 Bd7 10. O-O-O Ne5 11. Bb3 Qa5 12. h4 Rfc8 13. Kb1 Rc4 14. Bg5 Rac8
15. Bxf6 Rxd4 16. Qxd4 Nc6 17. Qd5 Bxf6 18. Qxf7+ Kh8 19. Qd5 Bxc3 20. bxc3
Qxc3 21. h5 gxh5 22. Qxh5 Qg7 23. Qh6 Ne5 24. Qxg7+ Kxg7 25. Rh5 Be8 26. Rg5+
Ng6 27. f4 Kf6 28. Rh1 e5 29. Rxh7 Nxf4 30. Rf5+ Kg6 31. Rxb7 Bc6 32. Rbf7 Bxe4
33. R5f6+ Kg5 34. g3 Ne2 35. Rxd6 Nd4 36. Rg7+ Kf5 37. Rf7+ Kg4 38. Rxd4 1-0

[Event "IV Open A"]
[Site "Bergamo ITA"]
[Date "2005.07.31"]
[Round "5"]
[White "Andreoli, Renato"]
[Black "Cedriano, Filippo"]
[Result "1/2-1/2"]
[WhiteElo "2154"]
[BlackElo "2005"]
[PlyCount "44"]
[EventDate "2005.07.29"]

1. Nf3 c5 2. g3 b6 3. e4 Bb7 4. Nc3 e6 5. Bg2 Nf6 6. e5 Nd5 7. O-O d6 8. Ne4
dxe5 9. Nxe5 Nc6 10. Nxc6 Bxc6 11. d4 cxd4 12. Qxd4 Qc7 13. c4 Nb4 14. Bf4 Qb7
15. Rad1 f5 16. Ng5 Bxg2 17. Nxe6 Bxf1 18. Nc7+ Kf7 19. Qd7+ Be7 20. Qe6+ Kf8
21. Qxf5+ Kg8 22. Qe6+ Kf8 1/2-1/2

[Event "IV Open A"]
[Site "Bergamo ITA"]
[Date "2005.07.31"]
[Round "5"]
[White "Bonarrigo, Marco"]
[Black "Gosio, Denis"]
[Result "0-1"]
[WhiteElo "2014"]
[BlackElo "2152"]
[PlyCount "56"]
[EventDate "2005.07.29"]

1. e4 c5 2. Nf3 d6 3. d4 cxd4 4. Nxd4 Nf6 5. Nc3 e6 6. Be3 Nc6 7. Qd2 Be7 8. f3
a6 9. g4 Nd7 10. O-O-O O-O 11. Rg1 Nxd4 12. Bxd4 b5 13. Kb1 Bb7 14. g5 b4 15.
Ne2 d5 16. e5 Qc7 17. Qe3 a5 18. Nf4 Rfc8 19. Bd3 g6 20. h4 Nc5 21. h5 Nxd3 22.
Qxd3 Ba6 23. Qd2 a4 24. hxg6 hxg6 25. Qh2 b3 26. cxb3 axb3 27. axb3 Qa5 28. Qf2
Bd3+ 0-1

[Event "IV Open A"]
[Site "Bergamo ITA"]
[Date "2005.07.31"]
[Round "5"]
[White "Capuano, Eugenio"]
[Black "Salvador, Roland"]
[Result "1/2-1/2"]
[WhiteElo "2173"]
[BlackElo "2416"]
[PlyCount "73"]
[EventDate "2005.07.29"]

1. d4 d5 2. c4 e5 3. dxe5 d4 4. Nf3 Nc6 5. g3 Nge7 6. Bg2 Ng6 7. Bg5 Qd7 8. O-O
h6 9. Bc1 Ngxe5 10. Nbd2 Be7 11. Qa4 Nxf3+ 12. Nxf3 O-O 13. Rd1 Rd8 14. a3 Bf6
15. b4 Qe6 16. b5 d3 17. Ra2 dxe2 18. Re1 Nd4 19. Be3 Nxf3+ 20. Bxf3 Qf5 21.
Bxe2 Be6 22. Qc2 Qxc2 23. Rxc2 Bf5 24. Rd2 Rxd2 25. Bxd2 Rd8 26. Be3 Bb2 27. a4
Bc2 28. a5 Bd4 29. Rc1 Ba4 30. Bf4 c6 31. h4 a6 32. bxa6 bxa6 33. Rb1 Kf8 34.
Bf3 Ke7 35. Rb4 Bc2 36. Bxc6 Kf6 37. Bd5 1/2-1/2